[Event "HUN-ch U16"]
[Site "Budapest"]
[Date "2020.10.27"]
[Round "5"]
[White "Bako, Martin"]
[Black "Virag, Balint"]
[Result "0-1"]
[WhiteElo "2038"]
[BlackElo "2117"]
[PlyCount "66"]
[EventDate "2020.10.24"]
[EventType "tourn"]
[EventRounds "9"]
[EventCountry "HUN"]
[SourceTitle "CBM 199 Extra"]
[Source "ChessBase"]
[SourceDate "2021.01.31"]
[SourceVersion "1"]
[SourceVersionDate "2021.01.31"]
[SourceQuality "1"]

1. d4 Nf6 2. c4 g6 3. Nf3 Bg7 4. Nc3 d5 5. cxd5 Nxd5 6. e4 Nxc3 7. bxc3 c5 8. Be3 Nc6 9. Bc4 Qa5 10. Qd2 Bg4 11. Bd5 Bxf3 12. gxf3 cxd4 13. Bxc6+ bxc6 14. cxd4 Qxd2+ 15. Kxd2 c5 16. e5 Rd8 17. Kc3 cxd4+ 18. Bxd4 Rd5 19. f4 0-0 20. Rad1 Rc8+ 21. Kb2 Rcd8 22. Kc3 Bh6 23. f5 Bf4 24. Rd3 Bxe5 25. Rhd1 Rxd4 26. Rxd4 gxf5 27. Kc4 Rxd4+ 28. Rxd4 Bxd4 29. Kxd4 f6 30. f4 Kf7 31. a4 Ke6 32. Kc5 Kd7 33. Kd5 e6+ 0-1

[Event "HUN-chT U18"]
[Site "Budapest"]
[Date "2019.10.29"]
[Round "7.2"]
[White "Bako, Martin"]
[Black "Barasits, Balint"]
[Result "1-0"]
[WhiteElo "1857"]
[BlackElo "1988"]
[PlyCount "85"]
[EventDate "2019.10.26"]
[EventType "team-swiss"]
[EventRounds "7"]
[EventCountry "HUN"]
[SourceTitle "CBM 192 Extra"]
[Source "Chessbase"]
[SourceDate "2019.11.06"]
[SourceVersion "1"]
[SourceVersionDate "2019.11.06"]
[SourceQuality "1"]
[WhiteTeam "Edeleny"]
[BlackTeam "Haladas"]
[WhiteTeamCountry "HUN"]
[BlackTeamCountry "HUN"]

1. d4 Nf6 2. c4 e6 3. Nc3 d5 4. Nf3 Nbd7 5. e3 c6 6. Bd2 Be7 7. cxd5 exd5 8. Bd3 Nf8 9. Qc2 Ng6 10. h3 0-0 11. 0-0 Qc7 12. Rfc1 Bd7 13. Qb3 Qb6 14. Qc2 Qd8 15. Na4 Qc8 16. Qd1 Bd6 17. Nc5 Bxc5 18. Rxc5 Bf5 19. Bb4 Re8 20. Rcc1 Bxd3 21. Qxd3 Ne4 22. Nd2 Ng5 23. Bd6 Qe6 24. Bg3 Qe7 25. Qf5 Ne6 26. Nf3 Qd7 27. Ng5 Rad8 28. Nxe6 fxe6 29. Qg4 Qf7 30. Rf1 Qd7 31. Rad1 e5 32. Qxd7 Rxd7 33. Rd3 exd4 34. Rxd4 Ne5 35. Rfd1 Nc4 36. Rxc4 dxc4 37. Rxd7 b5 38. Rxa7 b4 39. Rb7 c5 40. Rb8 Kf7 41. Rxe8 c3 42. bxc3 bxc3 43. Rc8 1-0

[Event "HUN-chT U18"]
[Site "Budapest"]
[Date "2019.10.26"]
[Round "1.2"]
[White "Pasztor, Balazs"]
[Black "Bako, Martin"]
[Result "1-0"]
[WhiteElo "2152"]
[BlackElo "1857"]
[PlyCount "145"]
[EventDate "2019.10.26"]
[EventType "team-swiss"]
[EventRounds "7"]
[EventCountry "HUN"]
[SourceTitle "CBM 192 Extra"]
[Source "Chessbase"]
[SourceDate "2019.11.06"]
[SourceVersion "1"]
[SourceVersionDate "2019.11.06"]
[SourceQuality "1"]
[WhiteTeam "Geniusz Tata"]
[BlackTeam "Edeleny"]
[WhiteTeamCountry "HUN"]
[BlackTeamCountry "HUN"]

1. e4 d5 2. exd5 Qxd5 3. Nc3 Qa5 4. d4 c6 5. Nf3 Nf6 6. Bc4 Bf5 7. Bd2 e6 8. Qe2 Bb4 9. Ne5 Nbd7 10. 0-0-0 Nxe5 11. dxe5 Nd5 12. Nxd5 Bxd2+ 13. Rxd2 exd5 14. Bb3 0-0-0 15. Kb1 Rhe8 16. f4 f6 17. Re1 fxe5 18. fxe5 Qc7 19. a3 Be4 20. Qg4+ Kb8 21. e6 Qe5 22. Rde2 Qxh2 23. Rxe4 dxe4 24. Qxg7 Qc7 25. Qg4 Re7 26. Qxe4 Rg8 27. Rf1 Rge8 28. g4 Rg7 29. Rf5 Qb6 30. Qf4+ Qc7 31. Qf3 Qd6 32. Rf7 Rxf7 33. exf7 Rd8 34. Ka2 h6 35. Qf5 Rf8 36. Be6 Rh8 37. c3 a6 38. c4 Qd8 39. Qe5+ Ka8 40. c5 Qb8 41. Qf6 Qd8 42. Qe5 Qb8 43. Qg7 Qd8 44. Qg6 Qf8 45. Qf5 Qd8 46. a4 Rf8 47. Bb3 Rh8 48. Qe6 Qf8 49. Qe4 Qd8 50. Qb4 Rf8 51. Qf4 Rh8 52. Ka3 Qf8 53. Qe5 Qd8 54. Bc4 Qb8 55. Qc3 Qd8 56. b4 Rf8 57. Qe5 Qb8 58. Qg7 Rh8 59. Bb3 Qf8 60. Qg6 Qd8 61. a5 Qf8 62. Qf5 Qd8 63. Qe5 Rf8 64. Bc4 Rh8 65. Qd6 Qb8 66. Kb3 Qd8 67. Be6 Qb8 68. Bd7 Rf8 69. Qe7 Qd8 70. Qxd8+ Rxd8 71. Be8 Rd3+ 72. Kc4 Rf3 73. Kd4 1-0

[Event "Eger Agria op 41th"]
[Site "Eger"]
[Date "2017.07.23"]
[Round "9"]
[White "Bako, Martin"]
[Black "Fekete, Agnes"]
[Result "0-1"]
[WhiteElo "1741"]
[BlackElo "1927"]
[PlyCount "92"]
[EventDate "2017.07.17"]
[EventType "swiss"]
[EventRounds "9"]
[EventCountry "HUN"]
[SourceTitle "EXT 2020"]
[Source "ChessBase"]
[SourceDate "2019.10.17"]
[SourceVersion "1"]
[SourceVersionDate "2019.10.17"]
[SourceQuality "1"]

1. d4 Nf6 2. c4 g6 3. Nc3 Bg7 4. Nf3 0-0 5. e4 d6 6. h3 Nbd7 7. Bd3 e5 8. d5 a5 9. 0-0 Nc5 10. Bg5 h6 11. Be3 Nxd3 12. Qxd3 Nh5 13. Qd2 Kh7 14. Nh2 f5 15. f3 f4 16. Bf2 Bf6 17. Ne2 g5 18. Rac1 Be7 19. c5 Nf6 20. cxd6 Bxd6 21. Nc3 Bd7 22. Qe2 h5 23. Nb5 Rg8 24. Bc5 Ne8 25. Bxd6 cxd6 26. Kh1 Rc8 27. a4 Rg6 28. Rc4 g4 29. fxg4 hxg4 30. Rxc8 Bxc8 31. hxg4 Bxg4 32. Qxg4 Rxg4 33. Nxg4 Qh4+ 34. Nh2 Nf6 35. Kg1 Nxe4 36. Nf3 Qh5 37. Re1 Ng5 38. Rf1 e4 39. Nxg5+ Qxg5 40. Nc3 f3 41. Rf2 Qc1+ 42. Kh2 Qe1 43. Nxe4 fxg2 44. Nf6+ Kg6 45. Kxg2 Qxf2+ 46. Kxf2 Kxf6 0-1

[Event "Eger Agria op 41th"]
[Site "Eger"]
[Date "2017.07.20"]
[Round "6"]
[White "Pota, Lajos"]
[Black "Bako, Martin"]
[Result "0-1"]
[WhiteElo "1620"]
[BlackElo "1741"]
[PlyCount "44"]
[EventDate "2017.07.17"]
[EventType "swiss"]
[EventRounds "9"]
[EventCountry "HUN"]
[SourceTitle "EXT 2020"]
[Source "ChessBase"]
[SourceDate "2019.10.17"]
[SourceVersion "1"]
[SourceVersionDate "2019.10.17"]
[SourceQuality "1"]

1. e4 c5 2. Nf3 d6 3. Bc4 Nf6 4. e5 dxe5 5. Nxe5 e6 6. 0-0 Bd6 7. Ng4 0-0 8. Nxf6+ Qxf6 9. Nc3 Qh4 10. f4 Bxf4 11. g3 Bxg3 12. hxg3 Qxg3+ 13. Kh1 Qh4+ 14. Kg2 Qxc4 15. Rh1 e5 16. d3 Qg4+ 17. Qxg4 Bxg4 18. Be3 Nd7 19. Nd5 f5 20. Rag1 h5 21. Bd2 Nf6 22. Bc3 Nxd5 0-1

[Event "HUN-chT2 Barcza 1617"]
[Site "Hungary"]
[Date "2017.02.26"]
[Round "9.10"]
[White "Bako, Martin"]
[Black "Halmi, Bence"]
[Result "1/2-1/2"]
[WhiteElo "1583"]
[BlackElo "2045"]
[PlyCount "71"]
[EventDate "2016.09.25"]
[EventType "team-tourn"]
[EventRounds "11"]
[EventCountry "HUN"]
[SourceTitle "EXT 2021"]
[Source "ChessBase"]
[SourceDate "2020.10.23"]
[SourceVersion "1"]
[SourceVersionDate "2020.10.23"]
[SourceQuality "1"]
[WhiteTeam "Edeleny"]
[BlackTeam "Lillafured DVTK II"]
[WhiteTeamCountry "HUN"]
[BlackTeamCountry "HUN"]

1. d4 d5 2. c4 e6 3. Nf3 Be7 4. Nc3 Nf6 5. e3 0-0 6. Bd3 b6 7. 0-0 Bb7 8. Bd2 c5 9. cxd5 exd5 10. Rc1 Nbd7 11. b3 Rc8 12. Ne2 Ne4 13. Ng3 Ndf6 14. Nf5 Nxd2 15. Nxe7+ Qxe7 16. Qxd2 Ne4 17. Qb2 Rc7 18. dxc5 bxc5 19. Nd2 Nxd2 20. Qxd2 Qg5 21. Qa5 d4 22. e4 Rfc8 23. Kh1 f5 24. f3 fxe4 25. Bxe4 Bxe4 26. fxe4 Re7 27. Qa6 Qg4 28. h3 Qe6 29. Qxe6+ Rxe6 30. Rf4 Re5 31. Rf5 Rce8 32. Rxc5 Rxe4 33. Rcd5 g6 34. Rf2 R8e5 35. Rd7 Re7 36. Rd5 1/2-1/2

[Event "HUN-chT2 Barcza 1617"]
[Site "Hungary"]
[Date "2017.01.29"]
[Round "7.12"]
[White "Bako, Martin"]
[Black "Szucs, Marton Miklos"]
[Result "0-1"]
[WhiteElo "1583"]
[BlackElo "1383"]
[PlyCount "74"]
[EventDate "2016.09.25"]
[EventType "team-tourn"]
[EventRounds "11"]
[EventCountry "HUN"]
[SourceTitle "EXT 2021"]
[Source "ChessBase"]
[SourceDate "2020.10.23"]
[SourceVersion "1"]
[SourceVersionDate "2020.10.23"]
[SourceQuality "1"]
[WhiteTeam "Edeleny"]
[BlackTeam "Hajduszoboszlo"]
[WhiteTeamCountry "HUN"]
[BlackTeamCountry "HUN"]

1. d4 d5 2. c4 dxc4 3. a4 Nf6 4. Nc3 Bf5 5. e3 e6 6. Bxc4 Bd6 7. Nf3 0-0 8. 0-0 h6 9. Re1 Bb4 10. Qb3 a5 11. Bd2 b6 12. Rac1 Qd6 13. Nb5 Qe7 14. Bxb4 axb4 15. d5 Na6 16. dxe6 Bxe6 17. Bxe6 fxe6 18. Nbd4 Nc5 19. Qxb4 Rxa4 20. Qc3 Nd5 21. Qc2 Nb4 22. Qd1 Nbd3 23. Nb3 Nxc1 24. Nxc5 Rb4 25. Nxe6 Qxe6 26. Nd4 Qc4 27. Qxc1 Qxc1 28. Rxc1 Rxb2 29. f3 Ra8 30. Ne6 c5 31. h4 Re8 32. Nf4 Rxe3 33. Kh2 Re7 34. Kh3 Kf7 35. g4 Rd7 36. Rc3 Rdd2 37. Kg3 g5 0-1

[Event "HUN-chT U18"]
[Site "Hajduboszormeny"]
[Date "2016.11.03"]
[Round "3.57"]
[White "Bako, Martin"]
[Black "Bacsi, Sandor"]
[Result "1-0"]
[WhiteElo "1589"]
[BlackElo "1422"]
[PlyCount "116"]
[EventDate "2016.11.02"]
[EventType "team-swiss"]
[EventRounds "8"]
[EventCountry "HUN"]
[SourceTitle "CBM 175 Extra"]
[Source "ChessBase"]
[SourceDate "2016.12.12"]
[SourceVersion "1"]
[SourceVersionDate "2016.12.12"]
[SourceQuality "1"]

1. d4 d5 2. c4 c6 3. Nf3 Nf6 4. Nc3 Bf5 5. e3 e6 6. Bd3 Bg6 7. 0-0 Bd6 8. Qc2 Bxd3 9. Qxd3 0-0 10. Bd2 Nbd7 11. Rac1 Rc8 12. cxd5 exd5 13. Rc2 Nb6 14. Rfc1 Nc4 15. a3 Nxd2 16. Qxd2 Qd7 17. Na4 Ne4 18. Qd3 Rfe8 19. Nd2 Nxd2 20. Qxd2 Qc7 21. h3 Qd7 22. Nc5 Bxc5 23. Rxc5 Qe7 24. Qc2 Qe4 25. Qc3 Re6 26. Qb3 Rg6 27. Qxd5 Rxg2+ 28. Kf1 Qxd5 29. Rxd5 Rg6 30. Rd7 Rb8 31. d5 cxd5 32. Rxb7 Rb6 33. Rxa7 Rxb2 34. Rcc7 Rb1+ 35. Kg2 Rf8 36. Rd7 Rb5 37. a4 Rc5 38. a5 g6 39. a6 Ra5 40. Kf3 Kg7 41. Kf4 Kf6 42. Rd6+ Kg7 43. Ke5 Re8+ 44. Kd4 Re4+ 45. Kd3 Re8 46. Rdd7 Re6 47. Rxf7+ Kh6 48. Rxh7+ Kg5 49. Rhd7 Rexa6 50. Rxa6 Rxa6 51. Rxd5+ Kh4 52. Ke4 Re6+ 53. Re5 Rf6 54. f4 Kxh3 55. Rg5 Re6+ 56. Kd4 Kh4 57. e4 Rf6 58. Ke5 Ra6 1-0

[Event "Eger Agria op 40th"]
[Site "Eger"]
[Date "2016.07.22"]
[Round "7"]
[White "Bako, Martin"]
[Black "Benedek, Istvan"]
[Result "0-1"]
[WhiteElo "1586"]
[BlackElo "1776"]
[PlyCount "76"]
[EventDate "2016.07.18"]
[EventType "swiss"]
[EventRounds "8"]
[EventCountry "HUN"]
[SourceTitle "EXT 2020"]
[Source "ChessBase"]
[SourceDate "2019.10.17"]
[SourceVersion "1"]
[SourceVersionDate "2019.10.17"]
[SourceQuality "1"]

1. d4 Nf6 2. c4 d6 3. Nc3 g6 4. Nf3 Bg7 5. e4 0-0 6. Bd3 Bg4 7. Be3 Bxf3 8. gxf3 e5 9. d5 c6 10. Qd2 cxd5 11. cxd5 Nh5 12. 0-0-0 Na6 13. Kb1 Nc5 14. Bxc5 dxc5 15. Bc4 a6 16. a4 Qd6 17. Ne2 Rfb8 18. Qd3 b5 19. axb5 axb5 20. Bxb5 Nf4 21. Nxf4 exf4 22. b3 Ra5 23. Bc4 Rba8 24. Kc1 Ra1+ 25. Kd2 R8a2+ 26. Ke1 Rxd1+ 27. Kxd1 Ra1+ 28. Kd2 Rxh1 29. Qc2 Rxh2 30. Qa2 Rxf2+ 31. Be2 Qb8 32. Ke1 Bd4 33. Kd1 Kg7 34. Qc2 Rh2 35. Qd3 Qa7 36. Qc2 Qa1+ 37. Kd2 Be3+ 38. Kd3 Qd4# 0-1

[Event "HUN-ch U12"]
[Site "Balatonlelle"]
[Date "2015.06.22"]
[Round "6"]
[White "Forgacs, Attila Jr"]
[Black "Bako, Martin"]
[Result "0-1"]
[WhiteElo "1372"]
[BlackElo "1421"]
[PlyCount "80"]
[EventDate "2015.06.18"]
[EventType "swiss"]
[EventRounds "9"]
[EventCountry "HUN"]
[SourceTitle "CBM 167 Extra"]
[Source "ChessBase"]
[SourceDate "2015.09.14"]
[SourceVersion "1"]
[SourceVersionDate "2015.09.14"]
[SourceQuality "1"]

1. e4 b6 2. d4 Bb7 3. Nc3 e6 4. Nf3 Nf6 5. Bg5 h6 6. Bh4 g5 7. e5 gxh4 8. exf6 Qxf6 9. d5 Bb4 10. Qd4 Qxd4 11. Nxd4 Bxc3+ 12. bxc3 Bxd5 13. Nb5 Kd8 14. c4 Be4 15. 0-0-0 h3 16. Rg1 hxg2 17. Bxg2 Bxg2 18. Rxg2 a6 19. Nd4 c5 20. Nf3 Nc6 21. Rg7 Ke7 22. Rdg1 d6 23. Nh4 Kf6 24. R7g3 Nd4 25. Re3 Rhg8 26. Rd1 Ke7 27. c3 Nc6 28. Nf5+ Kf6 29. Rxd6 Kxf5 30. Rxc6 Rg2 31. Rxb6 Rxf2 32. Rb2 Rf4 33. Rb7 Kg6 34. Rg3+ Kf6 35. Kc2 Rf2+ 36. Kb3 Rxh2 37. Rf3+ Ke5 38. Rfxf7 h5 39. Rfe7 Rh1 40. Rb6 Rb1+ 0-1

[Event "Borsod-chT2 1415"]
[Site "Hungary"]
[Date "2015.01.24"]
[Round "5.9"]
[White "Acs, Kristof"]
[Black "Bako, Martin"]
[Result "1-0"]
[WhiteElo "1583"]
[BlackElo "1436"]
[PlyCount "169"]
[EventDate "2014.09.28"]
[EventType "team-tourn"]
[EventRounds "7"]
[EventCountry "HUN"]
[SourceTitle "EXT 2016"]
[Source "ChessBase"]
[SourceDate "2015.10.08"]
[SourceVersion "1"]
[SourceVersionDate "2015.10.08"]
[SourceQuality "1"]
[WhiteTeam "DVTK EMSE II"]
[BlackTeam "Edeleny III"]
[WhiteTeamCountry "HUN"]
[BlackTeamCountry "HUN"]

1. e4 d6 2. d4 Nf6 3. Nc3 g6 4. Nf3 Bg7 5. Bc4 Nc6 6. h3 a6 7. 0-0 b5 8. Bd3 Bb7 9. a3 Nd7 10. Be3 e6 11. Re1 Qe7 12. d5 Nce5 13. Nxe5 Nxe5 14. f4 Nd7 15. Be2 h5 16. Bf3 Nb6 17. Bd4 e5 18. fxe5 dxe5 19. Bxb6 cxb6 20. Qd3 Qc5+ 21. Qe3 0-0 22. Qxc5 bxc5 23. Na2 Rfe8 24. c3 a5 25. b3 Bf8 26. Be2 Ba6 27. c4 b4 28. axb4 axb4 29. Nc1 Bh6 30. Bd3 Bb7 31. Ne2 Be3+ 32. Kh2 Ra6 33. Rxa6 Bxa6 34. Ra1 Bb7 35. Ra7 Re7 36. Kg3 Kf8 37. Kf3 Bh6 38. Ra5 Rc7 39. Ng1 Bc8 40. Ke2 f5 41. Nf3 Bf4 42. Kf2 fxe4 43. Bxe4 Kg7 44. g3 Bc1 45. d6 Rd7 46. Rxc5 Ba6 47. Rc7 Rxc7 48. dxc7 Kf6 49. Ne1 Bh6 50. Nd3 Bf8 51. Bd5 Bd6 52. Kf3 Bc8 53. h4 Bxc7 54. Nxb4 Bb6 55. Nc6 Bg4+ 56. Kg2 Bd1 57. b4 Bb3 58. Kf3 Bd1+ 59. Kg2 Bb3 60. Kf1 Kf5 61. Ne7+ Kf6 62. Ng8+ Kf5 63. Nh6+ Kf6 64. Ke2 g5 65. Ng8+ Kf5 66. Ne7+ Kf6 67. Ng8+ Kf5 68. Ne7+ Kf6 69. c5 Kxe7 70. Bxb3 Bc7 71. hxg5 Kf8 72. b5 Bd8 73. g6 Kg7 74. Bf7 Be7 75. c6 Bd8 76. Kf3 Kf6 77. Ke4 Bc7 78. Kd5 Bb6 79. Be8 Bc7 80. Kc5 e4 81. Kd4 Kf5 82. g7 Be5+ 83. Ke3 Bxg7 84. c7 Bh6+ 85. Ke2 1-0